00885 a2200157 45000010006000000050017000060080041000230030015000640400040000790800132001192450049002512640032003003000019003325050350003511000026007015450920260407155818.0260407a1961 arg spa dAR-UNSa-BCEJYS aAR-UNSa-BCEJYSbspacAR-UNSa-BCEJYS a336.11xFinanzas públicas como estudio de la gestión financiera. Teoría, métodos de las finanzas públicas en general 10aFinanzas públicas y desarrollo económico 1aBuenos Aires :bEDIARc1961 a309 p.c20 cm. aI. PRESUPUESTOS TEÓRICOS Y METODOLÓGICOS - II. ASPECTOS DE LAS FINANZAS Y DEL DESARROLLO ECONÓMICO - III. ASPECTOS DE LAS FINANZAS Y ÁMBITO DE ACCIÓN DE LAS FINANZAS PÚBLICAS - IV. GASTOS PÚBLICOS Y DESARROLLO ECONÓMICO - V. RECURSOS PÚBLICOS Y DESARROLLO ECONÓMICO - VI. PRESUPUESTO, PLANIFICACIÓN Y DESARROLLO ECONÓMICO1 aTarantino, Jacinto R.